| 000 | 00445nam a22001571a 4500 | ||
|---|---|---|---|
| 001 | 5917 | ||
| 003 | OSt | ||
| 005 | 20260204212033.0 | ||
| 008 | 060216s19..||||pe ||||||b||||||||||spa|| | ||
| 050 | _a757.23 G586g | ||
| 100 | _aGómez de la Torre, Eduardo Hernán | ||
| 245 | _aGeoglifos de nasca: nuevos diseños, nuevos enigmas / Eduardo Hernán Gómez de la Torre | ||
| 264 | _aLima : S.n. | ||
| 650 | _a1.Figuras - PinturasÌ | ||
| 942 |
_2ddc _cBK |
||
| 999 |
_c5917 _d5917 |
||